000 00616nam a22002057a 4500
999 _c1463
_d1463
003 AR-CdUCM
008 190227b ||||| |||| 00| 0 spa d
040 _aMUNICIPALIDAD PROVINCIAL DEL CUSCO
_cBIBLIOTECA MUNICIPAL DEL CUSCO
082 _a869.56 /
_bSO66
100 _aSologuren, Javier
_95554
245 _aRetornelo /
260 _aLima :
_b Colmillo Blanco,
_c1986.
300 _a50 páginas ;
_c20 cm.
650 _aLiteratura peruana
_9169
650 _aPoesía peruana
_9806
650 _aPoesía infantil
_95555
700 _aNobuko Tadokoro (ilustraciones)
_95556
942 _2ddc
_cLIBROS
945 _azta